[Event "corr"]
[Site "corr"]
[Date "1999.??.??"]
[Round "?"]
[White "Krohalev, Sergey Fedorovich"]
[Black "Spiridonov, GD."]
[Result "1-0"]
[WhiteElo "2435"]
[BlackElo "2415"]
[PlyCount "91"]
[EventDate "1999.02.19"]
[EventType "match (corr)"]
[EventRounds "10"]
[SourceTitle "Corr 2002"]
[Source "ChessBase"]
[SourceDate "2002.05.23"]
[SourceVersion "1"]
[SourceVersionDate "2002.05.23"]
[SourceQuality "1"]

1. e4 c5 2. Nf3 d6 3. d4 cxd4 4. Nxd4 Nf6 5. Nc3 e6 6. Bc4 Be7 7. Be3 0-0 8. Qe2 Nc6 9. 0-0-0 a6 10. Bb3 Nd7 11. f4 Qc7 12. f5 Nc5 13. Rhf1 Nxb3+ 14. axb3 Ne5 15. g4 b5 16. g5 b4 17. Na2 Re8 18. fxe6 fxe6 19. Nxb4 a5 20. Nd3 Ba6 21. Nxe6 Qc8 22. Nd4 a4 23. bxa4 Nxd3+ 24. Rxd3 Bxd3 25. Qxd3 Rxa4 26. Rf5 Bf8 27. Kd2 Qb7 28. b3 Raa8 29. Qc4+ Kh8 30. Qd5 Qc8 31. Nc6 Ra6 32. Nb4 Ra8 33. Bd4 Re7 34. g6 hxg6 35. Rf4 g5 36. Qxg5 Qb7 37. Nd5 Re6 38. Rh4+ Kg8 39. Qf5 Rh6 40. Rxh6 gxh6 41. Nf6+ Kf7 42. Nd7+ Ke8 43. Qe6+ Be7 44. Nf6+ Kd8 45. Bb6+ Qxb6 46. Qd7# 1-0